Sabrina Carpenter - Paroles Skin - Statistiques

Statistiques générales
  • Ce quiz a été pris 22 fois
  • Le résultat moyen est 326 sur 375
Statistiques - réponses
Hint Réponse % Correct
and
100%
And
100%
be
100%
blonde
100%
can
100%
could
100%
friends
100%
get
100%
he's
100%
I
100%
Couplet 1 Maybe
100%
me
100%
mine,
100%
mine
100%
(mine)
100%
my
100%
my,
100%
oh
100%
on
100%
only
100%
pretend
100%
skin
100%
the
100%
The
100%
to
100%
To
100%
try
100%
under
100%
was
100%
we
100%
We
100%
you
100%
Refrain You
100%
another
93%
been
93%
But
93%
didn't
93%
don't
93%
Don't
93%
hate
93%
If
93%
I'm
93%
in
93%
it
93%
it,
93%
It
93%
let
93%
life
93%
life,
93%
mean
93%
met
93%
no
93%
not
93%
that
93%
There's
93%
even
86%
go
86%
gravity
86%
heart
86%
rhyme
86%
wish
86%
words
86%
asking
79%
breaking,
79%
could've
79%
happy
79%
knew
79%
So
79%
telling
79%
then
79%
When
79%
write
79%
Yeah,
79%
your
79%
all
71%
Can't
71%
While
64%
have
57%
I'll
57%
I've
57%
side
57%
this
57%
about
50%
both
50%
day
50%
decide
50%
hope
50%
just
50%
laugh
50%
one
50%
Couplet 2 You're
50%
believe
43%
is
43%
it's
43%
spotlight
43%
way
43%
will
43%
Won't
43%
won't
43%
always
36%
between
36%
face
36%
lines
36%
our
36%
people
36%
putting
36%
see
36%
Some
36%
some
36%
Pré-refrain Want
36%
whatever
36%
yourself
36%
drive
29%
how
29%
insane
29%
Like
29%
read
29%
said,
29%
truth
29%
dance
21%
around
14%
Aucun quiz correspondant
Distribution des résultats
% des personnes avec chaque résultat
Percentile par nombre de réponses
Votre historique - résultats
Vous n’avez pas pris ce quiz